00514nam a2200181Ia 4500008004100000020001500041082001600056100002400072245003300096250000600129260002800135300001500163500002400178650001000202942000700212952009600219999001700315230524s9999 xx 000 0 und d a8188458694 a624.18bSIN aParbin Singh942089 0aCivil Engineering Materials  a1 aNew DelhibKatsonc2012 a"XI,279p;" aQuantity Number: 1 aCivil cBK 00104070aTATCLbTATCLcGENd2023-05-24l0o624.18 SINp53924r2023-05-24w2023-05-24yBK c56498d56498